ELECTRONMAGNETIC FIELDS (Record no. 816866)

MARC details
000 -LEADER
fixed length control field 00370pam a2200157a 44500
008 - FIXED-LENGTH DATA ELEMENTS--GENERAL INFORMATION
fixed length control field 230405s2007 xxu||||| |||| 00| 0 eng d
041 ## - LANGUAGE CODE
Language code of text/sound track or separate title ENG
100 ## - MAIN ENTRY--PERSONAL NAME
Personal name GUPTA P V
245 ## - TITLE STATEMENT
Title ELECTRONMAGNETIC FIELDS
250 ## - EDITION STATEMENT
Edition statement 2007
260 ## - PUBLICATION, DISTRIBUTION, ETC.
Place of publication, distribution, etc. NEW DELHI
Name of publisher, distributor, etc. DHANPAT RAI AND COMPANY PUB
Date of publication, distribution, etc. 2007
300 ## - PHYSICAL DESCRIPTION
Extent P.B,VIII,446
650 ## - SUBJECT ADDED ENTRY--TOPICAL TERM
Topical term or geographic name entry element E&TC
690 ## - LOCAL SUBJECT ADDED ENTRY--TOPICAL TERM (OCLC, RLIN)
Topical term or geographic name as entry element E&TC
906 ## - LOCAL DATA ELEMENT F, LDF (RLIN)
a 2671
Holdings
Withdrawn status Lost status Damaged status Not for loan Collection Home library Current library Date acquired Source of acquisition Cost, normal purchase price Total Checkouts Full call number Barcode Date last seen Price effective from Koha item type
          College of Engineering, Kolhapur College of Engineering, Kolhapur 18/03/2010 BHARATI MADHYAVARTI SAHAKARI GRAHAK BHANDAR LTD.PUNE 100.00   539/GUP ECK-UG-10269 16/08/2023 16/08/2023 Book
          College of Engineering, Kolhapur College of Engineering, Kolhapur 18/03/2010 BHARATI MADHYAVARTI SAHAKARI GRAHAK BHANDAR LTD.PUNE 100.00   539/GUP ECK-UG-10268 16/08/2023 16/08/2023 Book